01437cam a22003857a 4500001001000000003000500010005001700015008004100032010001000073011001000083035001000093040000900103082001700112100004000129245010000169260007500269300002200344590004100366590004100407590004100448590004100489590004100530590004200571590004000613650003400653650004600687700002900733901000700762942001000769942000600779949006000785949005700845999001700902952013200919000012507CHAP20220329133837.0971013s1980 r 00010 d a11677 a12649 a15949 cCHAP04a630.9726bV300aValladares Arjona, Rubén.911755813aLa Península de Yucatán :b: una región de estudio de la Universidad Autónoma Chapingo. aChapingo, Méx. :bUACH. Subdirección de Centros Regionales,c1980. a85 h.e+ apénd. aBATCH-UPDb10c20130109lUCH01h2323 aBATCH-UPDb10c20130110lUCH01h1144 aBATCH-UPDb10c20130409lUCH01h1847 aBATCH-UPDb10c20130410lUCH01h0729 aBATCH-UPDb10c20130914lUCH01h0037 aCONVERSIONb10c20130109lUCH01h1308 aE5995AHEb05c20150324lUCH01h105614aAgriculturaxYucatán.9190214aEducación agrícolaxYucatán.9355480 aDuch Gary, Jorge.934352 aBK cLIBRO n0 a630.9726 V3bBCcLIBROd-154521eLIBROh59041i15949si a630.9726 V3bIcLIBROd-28166eLIBROh3906i15949si c11677d11677 00104051708UACHaBCbBCcPA_UACHd2019-12-31fLIBROl0o630.9726 V3p33724002470801r2019-12-31 00:00:00w2019-12-31yLIBRO